Statistics for Countries with the Longest Coastlines

Click here to take the quiz!

General Stats

  • This quiz has been taken 40 times
  • The average score is 17 of 20

Answer Stats

Coastline (km)Coastline (miles)Country% Correct
202,080125,567Canada
100%
37,65323,396Russia
100%
25,76016,007Australia
100%
12,4297,723United Kingdom
100%
7,4914,655Brazil
97%
29,75118,486Japan
97%
19,92412,380United States
97%
54,72033,939Indonesia
97%
25,14815,626Norway
95%
7,6004,722Italy
95%
13,6768,498Greece
95%
9,3305,797Mexico
92%
7,5004,660India
92%
14,5009,009China
87%
15,1349,404New Zealand
87%
36,28922,549Philippines
79%
7,3144,545Denmark
79%
7,2004,474Turkey
79%
7,3684,578Croatia
44%
17,96811,165Antarctica
0%

Score Distribution

Percentile by Number Answered

Percent of People with Each Score

Your Score History

You have not taken this quiz